I don't like to eat! / (Record no. 105701)
[ view plain ]
| 000 -LEADER | |
|---|---|
| fixed length control field | 00536nam a2200205 a 4500 |
| 005 - DATE AND TIME OF LATEST TRANSACTION | |
| control field | 20140412111411.0 |
| 008 - FIXED-LENGTH DATA ELEMENTS--GENERAL INFORMATION | |
| fixed length control field | 070215s19uu xx 00 eng d |
| 020 ## - INTERNATIONAL STANDARD BOOK NUMBER | |
| International Standard Book Number | 971-508-252-1 |
| 050 ## - LIBRARY OF CONGRESS CALL NUMBER | |
| Classification number | Fil E |
| Item number | Id5 2004 |
| 100 ## - MAIN ENTRY--PERSONAL NAME | |
| Personal name | Dyquiangco, Excel |
| 245 ## - TITLE STATEMENT | |
| Title | I don't like to eat! / |
| Statement of responsibility, etc | Excel Dyquiangco. |
| 260 ## - PUBLICATION, DISTRIBUTION, ETC. (IMPRINT) | |
| Place of publication, distribution, etc | Philippines : |
| Name of publisher, distributor, etc | Adarna house, |
| Date of publication, distribution, etc | 2004. |
| 500 ## - GENERAL NOTE | |
| General note | Ages 5-8 |
| 650 ## - SUBJECT ADDED ENTRY--TOPICAL TERM | |
| Topical term or geographic name as entry element | Foods- Fiction |
| 650 ## - SUBJECT ADDED ENTRY--TOPICAL TERM | |
| Topical term or geographic name as entry element | Picture books for children |
| Withdrawn status | Lost status | Damaged status | Use restrictions | Home library | Current library | Shelving location | Date acquired | Source of acquisition | Total Checkouts | Full call number | Barcode | Date last seen | Price effective from | Koha item type | Cost, normal purchase price |
|---|---|---|---|---|---|---|---|---|---|---|---|---|---|---|---|
| Elizalde Library | Elizalde Library | Filipiniana Section | 02/15/2007 | Fil E Id5 2004 | E10542 | 04/12/2014 | 04/12/2014 | Books | |||||||
| Elizalde Library | Elizalde Library | Filipiniana Section | 09/06/2007 | Fil E Id5 2004 | E11064 | 04/12/2014 | 04/12/2014 | Books | 35.00 | ||||||
| Elizalde Library | Elizalde Library | Filipiniana Section | 09/06/2007 | Fil E Id5 2004 | E11065 | 04/12/2014 | 04/12/2014 | Books | 35.00 | ||||||
| Elizalde Library | Elizalde Library | Filipiniana Section | 09/06/2007 | Fil E Id5 2004 | E10984 | 04/12/2014 | 04/12/2014 | Books | 35.00 |